[Event "Autunno Scacchistico A"]
[Site "Venezia ITA"]
[Date "2007.11.03"]
[Round "4"]
[White "Bianchi, Andrea"]
[Black "Pastres, Roberto"]
[Result "1/2-1/2"]
[WhiteElo "2156"]
[BlackElo "2119"]
[PlyCount "88"]
[EventDate "2007.11.01"]

1. e4 c5 2. Nf3 Nc6 3. d4 cxd4 4. Nxd4 Qb6 5. Nb3 Nf6 6. Nc3 e6 7. Be3 Qc7 8.
a3 a6 9. g4 d6 10. g5 Nd7 11. f4 b5 12. Bg2 Nb6 13. Qe2 Nc4 14. Bc1 Be7 15. a4
bxa4 16. Qxc4 axb3 17. Nd5 exd5 18. exd5 O-O 19. dxc6 Be6 20. Qd3 d5 21. Rxa6
Rxa6 22. Qxa6 bxc2 23. O-O g6 24. Qa4 Rc8 25. Qxc2 Qb6+ 26. Kh1 Rxc6 27. Qd3
Qa6 28. Qxa6 Rxa6 29. Be3 Ra4 30. Rd1 Bd6 31. Bxd5 Bxf4 32. Bc6 Bxe3 33. Bxa4
Bxg5 34. Bc6 Be7 35. Bd5 Bf5 36. Ra1 Kg7 37. Ra7 Kf6 38. Rb7 g5 39. b4 h5 40.
b5 Bg6 41. Rxe7 Kxe7 42. b6 Kd6 43. Kg1 f6 44. Kf1 Be8 1/2-1/2

[Event "Autunno Scacchistico A"]
[Site "Venezia ITA"]
[Date "2007.11.03"]
[Round "4"]
[White "Bozzali, Ermanno"]
[Black "Xia, Jie"]
[Result "0-1"]
[WhiteElo "2136"]
[BlackElo "2220"]
[PlyCount "76"]
[EventDate "2007.11.01"]

1. d4 Nf6 2. Nf3 g6 3. c4 Bg7 4. Nc3 O-O 5. Bg5 h6 6. Bh4 d6 7. e3 c6 8. h3 a6
9. Be2 b5 10. a3 Qb6 11. O-O Nbd7 12. Qc2 Re8 13. Bg3 Bb7 14. b4 bxc4 15. Bxc4
Nd5 16. Na4 Qd8 17. Qb3 Rf8 18. Rac1 N7f6 19. Qd3 a5 20. b5 cxb5 21. Bxb5 Nb6
22. Nd2 Nxa4 23. Bxa4 Rc8 24. Rxc8 Qxc8 25. Bb5 Qa8 26. f3 Rc8 27. Nc4 Qa7 28.
Rb1 Nd5 29. Bf2 Bc6 30. Bxc6 Rxc6 31. Rb5 Qc7 32. Rxd5 Rxc4 33. Be1 Rc1 34. Qd2
a4 35. Ra5 Qc4 36. Kh2 Rc2 37. Qd1 Qa2 38. Ra8+ Kh7 0-1

[Event "Autunno Scacchistico A"]
[Site "Venezia ITA"]
[Date "2007.11.03"]
[Round "4"]
[White "Kasparov, Sergey"]
[Black "Omeri, Silvan"]
[Result "1-0"]
[WhiteElo "2466"]
[BlackElo "2181"]
[PlyCount "83"]
[EventDate "2007.11.01"]

1. e4 Nf6 2. e5 Nd5 3. d4 d6 4. Nf3 Bg4 5. Be2 e6 6. O-O Bxf3 7. Bxf3 c6 8.
exd6 Bxd6 9. c4 Ne7 10. Nc3 O-O 11. g3 Ng6 12. Be3 Nd7 13. Bg2 Rc8 14. f4 a6
15. Rc1 f5 16. c5 Bb8 17. Qb3 Re8 18. Qxb7 Nf6 19. Qxa6 Nd5 20. Nxd5 exd5 21.
Rce1 h5 22. Qd3 Rf8 23. b4 h4 24. a4 hxg3 25. hxg3 Rf6 26. b5 Ne7 27. b6 Kf7
28. a5 Qh8 29. a6 Rg6 30. Bd2 Qh5 31. a7 Bxa7 32. bxa7 Rh8 33. Kf2 Rgh6 34. Qe2
Qxe2+ 35. Rxe2 Ra8 36. Ra1 Nc8 37. Ra6 Kf8 38. Re5 Rf6 39. Bh3 g6 40. g4 fxg4
41. Bxg4 Nxa7 42. Re1 1-0

[Event "Autunno Scacchistico A"]
[Site "Venezia ITA"]
[Date "2007.11.03"]
[Round "4"]
[White "Keller, Christophe"]
[Black "Faccia, Sergio"]
[Result "1/2-1/2"]
[WhiteElo "2221"]
[BlackElo "2071"]
[PlyCount "53"]
[EventDate "2007.11.01"]

1. e4 e5 2. Nc3 Bc5 3. Bc4 Nf6 4. d3 c6 5. Bb3 b5 6. Nf3 d6 7. O-O a5 8. a4 b4
9. Nb1 Be6 10. c3 Bxb3 11. Qxb3 Qb6 12. Qd1 bxc3 13. bxc3 O-O 14. Nbd2 Nbd7 15.
Nc4 Qc7 16. Bg5 h6 17. Bh4 Rfe8 18. Bg3 Nh5 19. Nh4 Nxg3 20. hxg3 d5 21. Nd2
Nf6 22. Nf5 Rad8 23. Qf3 h5 24. Rad1 Rb8 25. Ne3 Rbd8 26. Nf5 Rb8 27. Ne3
1/2-1/2

[Event "Autunno Scacchistico A"]
[Site "Venezia ITA"]
[Date "2007.11.03"]
[Round "4"]
[White "Maccapan, Fabio"]
[Black "Pfeifer, Andreas"]
[Result "1/2-1/2"]
[WhiteElo "2072"]
[BlackElo "2131"]
[PlyCount "107"]
[EventDate "2007.11.01"]

1. Nf3 c5 2. g3 Nc6 3. Bg2 e5 4. d3 g6 5. c4 Bg7 6. Nc3 Nge7 7. O-O d6 8. Rb1
O-O 9. a3 a5 10. Ne1 Be6 11. Nd5 Rb8 12. Nc2 b5 13. Nxe7+ Nxe7 14. cxb5 Rxb5
15. b4 axb4 16. axb4 Ba2 17. Rb2 Bd5 18. e4 Be6 19. bxc5 Rxb2 20. Bxb2 dxc5 21.
Ne3 Nc6 22. Ba3 Nb4 23. Nd5 Nxd5 24. exd5 Bxd5 25. Bxc5 Re8 26. Bb6 Qa8 27.
Bxd5 Qxd5 28. Qc2 h5 29. Qc4 Qe6 30. Qxe6 Rxe6 31. Be3 Rd6 32. Rd1 f5 33. Kf1
Kf7 34. Ke2 Ke6 35. Rb1 Bf6 36. h4 Ra6 37. Rb6+ Rxb6 38. Bxb6 f4 39. Kf3 Kf5
40. Bc7 g5 41. hxg5 Bxg5 42. Bb8 h4 43. gxh4 Bxh4 44. Ba7 Be7 45. Ke2 Bb4 46.
f3 Bc3 47. Bb6 Ke6 48. Bd8 Kd5 49. Bc7 Bb4 50. Bd8 Kd4 51. Bc7 Bc5 52. Bd8 Kc3
53. Bc7 Bd4 54. Bd8 1/2-1/2

[Event "Autunno Scacchistico A"]
[Site "Venezia ITA"]
[Date "2007.11.03"]
[Round "4"]
[White "Navarro, Stefano"]
[Black "Pomaro, Alberto"]
[Result "0-1"]
[WhiteElo "2258"]
[BlackElo "2153"]
[PlyCount "66"]
[EventDate "2007.11.01"]

1. e4 e6 2. c4 d5 3. cxd5 exd5 4. exd5 Nf6 5. Bb5+ Nbd7 6. Nc3 Be7 7. Nf3 O-O
8. O-O Nb6 9. Ne5 Nbxd5 10. d4 Bf5 11. Qf3 Nxc3 12. bxc3 Be4 13. Qe2 a6 14. Bc4
c5 15. Bg5 Bg6 16. Nxg6 hxg6 17. a4 cxd4 18. Rad1 Qe8 19. cxd4 Qxa4 20. Qxe7
Qxc4 21. Bxf6 gxf6 22. Rfe1 Qd5 23. Qxf6 Rfe8 24. h4 a5 25. Rc1 a4 26. Rxe8+
Rxe8 27. Rc5 Qe6 28. Qf3 Qd6 29. g3 b6 30. Rd5 Qc6 31. h5 a3 32. hxg6 Qxg6 33.
Qc3 a2 0-1

[Event "Autunno Scacchistico A"]
[Site "Venezia ITA"]
[Date "2007.11.03"]
[Round "4"]
[White "Opacic, Alexandar"]
[Black "Rezzuti, Vincenzo"]
[Result "1-0"]
[WhiteElo "2109"]
[BlackElo "2017"]
[PlyCount "63"]
[EventDate "2007.11.01"]

1. e4 e5 2. d4 exd4 3. Qxd4 Nc6 4. Qe3 Nf6 5. Nc3 Bb4 6. Bd2 O-O 7. O-O-O Re8
8. f3 d5 9. Qg5 d4 10. Nd5 Bxd2+ 11. Rxd2 Nxd5 12. Qxd5 Qf6 13. Bb5 Rd8 14. Qc5
Bd7 15. Bxc6 Bxc6 16. Ne2 Qe6 17. Kb1 b6 18. Qa3 Qc4 19. Rhd1 Rd7 20. b3 Qc5
21. Qb2 Rad8 22. Rxd4 Qh5 23. h3 Qh4 24. Rxd7 Rxd7 25. Rxd7 Qe1+ 26. Nc1 Bxd7
27. Qd4 Be8 28. Qd8 Kf8 29. Qxc7 Qd2 30. Qxa7 Qxg2 31. Qa3+ Kg8 32. Qe7 1-0

[Event "Autunno Scacchistico A"]
[Site "Venezia ITA"]
[Date "2007.11.03"]
[Round "4"]
[White "Paris, Giorgio"]
[Black "You Zi Chih, Stefano"]
[Result "0-1"]
[WhiteElo "2055"]
[BlackElo "2109"]
[PlyCount "58"]
[EventDate "2007.11.01"]

1. e4 c5 2. Nf3 d6 3. d4 cxd4 4. Nxd4 Nf6 5. Nc3 a6 6. Be2 e5 7. Nb3 Be7 8. Be3
Be6 9. O-O Qc7 10. f3 Nbd7 11. Qd2 O-O 12. Rad1 b5 13. a3 Nb6 14. Qe1 Rfc8 15.
Bd3 Nc4 16. Bc1 Nxa3 17. bxa3 Qxc3 18. Qxc3 Rxc3 19. Bb2 Rc7 20. h3 Nh5 21. Bc1
Bxb3 22. cxb3 Rc3 23. a4 Rxb3 24. a5 Rc8 25. Rf2 Bd8 26. Ra2 Rxd3 27. Rxd3
Rxc1+ 28. Kh2 Bh4 29. g4 Bg3+ 0-1

[Event "Autunno Scacchistico A"]
[Site "Venezia ITA"]
[Date "2007.11.03"]
[Round "4"]
[White "Pechy, Alaster"]
[Black "Mrdja, Milan"]
[Result "0-1"]
[WhiteElo "2165"]
[BlackElo "2408"]
[PlyCount "156"]
[EventDate "2007.11.01"]

1. d4 g6 2. c4 Bg7 3. Nc3 c5 4. d5 Nf6 5. e4 d6 6. h3 O-O 7. Be3 e6 8. dxe6
Bxe6 9. Qd2 Qa5 10. Bd3 Nc6 11. Nge2 Ne5 12. b3 b5 13. cxb5 c4 14. bxc4 Rac8
15. Bd4 Nxd3+ 16. Qxd3 Bxc4 17. Qd2 Rfe8 18. f3 d5 19. e5 Nd7 20. f4 f6 21. O-O
fxe5 22. fxe5 Bxe2 23. Qxe2 Rxc3 24. Bxc3 Qxc3 25. e6 Nf6 26. Qf2 d4 27. Rfe1
h5 28. Rac1 Qb4 29. Rc7 Qxb5 30. Qxd4 Qb6 31. Qxb6 axb6 32. Rb7 Nd5 33. Rd1 Nf4
34. e7 Ne6 35. Kf1 Bd4 36. Rc1 Kf7 37. g4 hxg4 38. hxg4 Rxe7 39. Rxe7+ Kxe7 40.
Ke2 Kd6 41. Kd3 Kd5 42. Rf1 Nc5+ 43. Ke2 Ke4 44. Rf8 Nd7 45. Rg8 Ne5 46. a4 Kf4
47. Rd8 Bc5 48. Rc8 Bd4 49. Rd8 Bg1 50. Ra8 Kxg4 51. a5 bxa5 52. Rxa5 Bh2 53.
Ra3 Bg3 54. Kf1 Kh3 55. Kg1 g5 56. Kh1 Kg4 57. Kg2 Bf4 58. Rc3 Ng6 59. Ra3 Nh4+
60. Kh1 Kf5 61. Rh3 Kg4 62. Ra3 Ng6 63. Ra7 Kf3 64. Ra3+ Be3 65. Ra8 g4 66. Rg8
Nf4 67. Kh2 Bf2 68. Kh1 Bd4 69. Rd8 Be3 70. Rg8 Ne6 71. Rg6 Nd4 72. Ra6 Ne2 73.
Rg6 Ng3+ 74. Kh2 Ne4 75. Kh1 Bg5 76. Rg8 g3 77. Rf8+ Nf6 78. Rf7 g2+ 0-1

[Event "Autunno Scacchistico A"]
[Site "Venezia ITA"]
[Date "2007.11.03"]
[Round "4"]
[White "Pesco, Giuseppe"]
[Black "Szirmai, Emil"]
[Result "0-1"]
[WhiteElo "2031"]
[BlackElo "2102"]
[PlyCount "118"]
[EventDate "2007.11.01"]

1. Nf3 Nf6 2. g3 d5 3. Bg2 Nc6 4. O-O g6 5. d3 Bg7 6. Nbd2 O-O 7. e4 dxe4 8.
dxe4 Nd7 9. Nb3 a5 10. c3 a4 11. Nbd4 Nxd4 12. cxd4 Nb6 13. h3 Bd7 14. Re1 Bb5
15. Rb1 c6 16. b3 axb3 17. axb3 e6 18. Be3 Ra2 19. Rc1 Re8 20. Rc2 Ra3 21. Rc1
Bf8 22. Kh2 Bb4 23. Rh1 Ra6 24. Ne5 Nd7 25. Ng4 Nf6 26. Nh6+ Kg7 27. Qf3 Qd7
28. Rhd1 Ng8 29. Ng4 Qe7 30. e5 Ra2 31. Qf4 h5 32. Nh6 g5 33. Nf5+ exf5 34.
Qxf5 Nh6 35. Qb1 Raa8 36. f4 gxf4 37. Bxf4 Be2 38. Rg1 Qe6 39. Qe4 Ra2 40. Bg5
Be7 41. Bf4 Qg6 42. Qe3 Nf5 43. Qe4 Rd8 44. Rc2 Rxc2 45. Qxc2 Nxd4 46. Qc1 Bf3
47. Qe3 Bxg2 48. Rxg2 Ne6 49. Qe2 Kh7 50. Bc1 Rg8 51. Qf3 Nd4 52. Qc3 c5 53. b4
b6 54. bxc5 bxc5 55. Qe3 Bg5 56. Qc3 Bxc1 57. Qxc1 Nf3+ 58. Kh1 Qe4 59. e6 Ne1
0-1

[Event "Autunno Scacchistico A"]
[Site "Venezia ITA"]
[Date "2007.11.03"]
[Round "4"]
[White "Ramesa, Davor"]
[Black "Bonafede, Alessandro"]
[Result "1/2-1/2"]
[WhiteElo "2308"]
[BlackElo "2279"]
[PlyCount "104"]
[EventDate "2007.11.01"]

1. Nf3 d6 2. d4 f5 3. Nc3 Nf6 4. Bg5 d5 5. e3 c6 6. Bd3 e6 7. Ne2 Nbd7 8. Nf4
Qe7 9. O-O Qf7 10. c4 Bd6 11. cxd5 cxd5 12. Bxf6 Qxf6 13. Bb5 O-O 14. h4 a6 15.
Be2 Nb8 16. a3 Bd7 17. b4 Nc6 18. Rb1 Be8 19. Nd3 Bh5 20. g3 f4 21. Nxf4 Bxf3
22. Bxf3 Bxf4 23. exf4 Nxd4 24. Bg2 Rac8 25. Re1 Rc4 26. Rc1 b5 27. Kh1 Rd8 28.
Qd3 Nf5 29. Qe2 Kf7 30. Rcd1 g6 31. Qd2 d4 32. Re5 d3 33. Rc5 Qd4 34. Rc1 Rd7
35. Bc6 Rd8 36. Bg2 Rd7 37. Bc6 Rd8 38. Bf3 Ke7 39. Kg2 Rd7 40. Rc3 Kf6 41. Bd1
h5 42. Bf3 a5 43. Rc6 axb4 44. axb4 Rxc3 45. Qxc3 d2 46. Bd1 Ne7 47. Rc5 Qxc3
48. Rxc3 Rd4 49. Rb3 Nd5 50. Kf3 Rxb4 51. Rxb4 Nxb4 52. Ke3 e5 1/2-1/2

[Event "Autunno Scacchistico A"]
[Site "Venezia ITA"]
[Date "2007.11.03"]
[Round "4"]
[White "Redo, Giorgio"]
[Black "Barletta, Mauro"]
[Result "0-1"]
[WhiteElo "2093"]
[BlackElo "2248"]
[PlyCount "94"]
[EventDate "2007.11.01"]

1. f4 e5 2. fxe5 d6 3. Nf3 dxe5 4. e4 Nc6 5. Bc4 Bg4 6. c3 Qd7 7. d3 Bc5 8. b4
Bxf3 9. Qxf3 Nxb4 10. Na3 Nc6 11. Rf1 Nf6 12. Rb1 O-O-O 13. Rb5 Qd6 14. Nc2 a6
15. Rb1 Na5 16. Bxf7 Qxd3 17. Be6+ Kb8 18. Qxd3 Rxd3 19. Nb4 Rd6 20. Bd5 Bxb4
21. cxb4 Nxd5 22. exd5 Nc4 23. Rf7 Rxd5 24. Rxg7 b5 25. g4 Rd4 26. Ke2 Re4+ 27.
Kf3 Re1 28. Kf2 Rd1 29. g5 Kc8 30. h4 Rf8+ 31. Ke2 Rd7 32. Rxd7 Kxd7 33. Rb3
Ke6 34. h5 e4 35. Rg3 Rg8 36. g6 hxg6 37. hxg6 Kf6 38. Rg4 Rxg6 39. Rxe4 Rg2+
40. Kd3 Rxa2 41. Kd4 Rc2 42. Bf4 Nd6 43. Be5+ Ke6 44. Re1 Rc4+ 45. Kd3 Kd5 46.
Bxd6 Kxd6 47. Rd1 Rxb4 0-1

[Event "Autunno Scacchistico A"]
[Site "Venezia ITA"]
[Date "2007.11.03"]
[Round "4"]
[White "Rombaldoni, Axel"]
[Black "Kasparova, Tatiana"]
[Result "1/2-1/2"]
[WhiteElo "2399"]
[BlackElo "2181"]
[PlyCount "47"]
[EventDate "2007.11.01"]

1. e4 c6 2. d4 d5 3. e5 Bf5 4. Nd2 e6 5. Nb3 c5 6. dxc5 Bxc5 7. Nxc5 Qa5+ 8. c3
Qxc5 9. Nf3 Qc7 10. Be2 Nc6 11. Bf4 h6 12. Nd4 Nxd4 13. cxd4 Ne7 14. Rc1 Qb6
15. O-O O-O 16. Qd2 Rac8 17. Rc3 Rxc3 18. bxc3 Rc8 19. g4 Bg6 20. Bg3 Qa5 21.
Bh4 Qa3 22. f4 Be4 23. Rc1 Nc6 24. Bf2 1/2-1/2

[Event "Autunno Scacchistico A"]
[Site "Venezia ITA"]
[Date "2007.11.03"]
[Round "4"]
[White "Zarpellon, Daniel"]
[Black "Cristiani, Cesare"]
[Result "0-1"]
[WhiteElo "2001"]
[BlackElo "2166"]
[PlyCount "66"]
[EventDate "2007.11.01"]

1. e4 e6 2. d4 d5 3. Nc3 dxe4 4. Nxe4 Nd7 5. Nf3 Ngf6 6. Nxf6+ Nxf6 7. Bd3 c5
8. O-O a6 9. c3 Qc7 10. Qe2 Be7 11. Re1 h6 12. Ne5 b5 13. Bf4 Qb6 14. a4 c4 15.
Bc2 Bb7 16. b3 cxb3 17. Bxb3 O-O 18. a5 Qd8 19. Nxf7 Rxf7 20. Bxe6 Bd5 21.
Bxf7+ Kxf7 22. Qe5 Qd7 23. f3 Rc8 24. Bd2 Bd6 25. Qe2 Qf5 26. Rf1 Bc4 27. Qf2
Bxf1 28. Qxf1 Bf4 29. Bxf4 Qxf4 30. Qd3 Nd5 31. Re1 Rxc3 32. Qe2 Qxd4+ 33. Kh1
Re3 0-1

[Event "Autunno Scacchistico A"]
[Site "Venezia ITA"]
[Date "2007.11.04"]
[Round "5"]
[White "Bosiocic, Marko"]
[Black "Pesco, Giuseppe"]
[Result "1/2-1/2"]
[WhiteElo "2160"]
[BlackElo "2031"]
[PlyCount "37"]
[EventDate "2007.11.01"]

1. d4 Nf6 2. Nf3 g6 3. Bf4 Bg7 4. e3 O-O 5. Be2 c5 6. c3 cxd4 7. exd4 d6 8. h3
Nc6 9. O-O a6 10. Na3 b5 11. Nc2 Bb7 12. a4 Nd5 13. Bg3 Qb6 14. b4 Nxc3 15. Qd2
Nxe2+ 16. Qxe2 bxa4 17. d5 Ne5 18. Nxe5 dxe5 19. Bxe5 1/2-1/2

[Event "Autunno Scacchistico A"]
[Site "Venezia ITA"]
[Date "2007.11.04"]
[Round "5"]
[White "Cristiani, Cesare"]
[Black "Barletta, Mauro"]
[Result "1/2-1/2"]
[WhiteElo "2166"]
[BlackElo "2248"]
[PlyCount "39"]
[EventDate "2007.11.01"]

1. d4 d5 2. Bg5 c6 3. Nf3 Nf6 4. Bxf6 exf6 5. e3 Bd6 6. Bd3 Bg4 7. h3 Be6 8.
Nbd2 f5 9. c3 Nd7 10. Qc2 Qf6 11. O-O-O b5 12. g3 Nb6 13. Nh4 g6 14. f4 a5 15.
Nhf3 b4 16. c4 dxc4 17. Nxc4 Bxc4 18. Bxc4 Nxc4 19. Qxc4 O-O 20. Ne5 1/2-1/2

[Event "Autunno Scacchistico A"]
[Site "Venezia ITA"]
[Date "2007.11.04"]
[Round "5"]
[White "Dvirnyy, Danyyil"]
[Black "Ramesa, Davor"]
[Result "1/2-1/2"]
[WhiteElo "2333"]
[BlackElo "2308"]
[PlyCount "89"]
[EventDate "2007.11.01"]

1. e4 c5 2. Nf3 e6 3. d4 cxd4 4. Nxd4 Nc6 5. Nb5 d6 6. c4 a6 7. N5a3 Nf6 8. Nc3
Be7 9. Be2 O-O 10. O-O b6 11. Be3 Bb7 12. Qd2 Rc8 13. Rfd1 Ne5 14. f3 Qc7 15.
Rac1 Rfe8 16. Bf1 Qb8 17. Kh1 Nfd7 18. Bg1 Ng6 19. Nc2 h6 20. Be3 Red8 21. Nd4
Nf6 22. Na4 Bc6 23. Nxc6 Rxc6 24. b4 d5 25. cxd5 Rxc1 26. Rxc1 b5 27. Nc5 Qa8
28. Qb2 exd5 29. e5 Nd7 30. Nxd7 Rxd7 31. Qd4 Qd8 32. Bd3 Nf8 33. Qg4 Bg5 34.
f4 Be7 35. f5 Bg5 36. f6 Ne6 37. Bxg5 hxg5 38. Qh3 Nf8 39. Rf1 Rc7 40. Qe3 Rc3
41. Qxg5 Ne6 42. Qd2 Qc7 43. Re1 g6 44. h4 Ra3 45. Re3 1/2-1/2

[Event "Autunno Scacchistico A"]
[Site "Venezia ITA"]
[Date "2007.11.04"]
[Round "5"]
[White "Faccia, Sergio"]
[Black "Bellavita, Guido"]
[Result "1/2-1/2"]
[WhiteElo "2071"]
[BlackElo "2131"]
[PlyCount "110"]
[EventDate "2007.11.01"]

1. e4 e6 2. c4 c5 3. Nf3 Nc6 4. d4 cxd4 5. Nxd4 Bb4+ 6. Bd2 Bxd2+ 7. Qxd2 a6 8.
Be2 Qb6 9. Nxc6 dxc6 10. O-O Bd7 11. Qc3 f6 12. c5 Qc7 13. Nd2 O-O-O 14. Nc4
Nh6 15. Nd6+ Kb8 16. b4 Bc8 17. a4 Rhf8 18. Rfd1 Nf7 19. Nxf7 Rxf7 20. Rxd8
Qxd8 21. Rd1 Rd7 22. Rxd7 Qxd7 23. e5 f5 24. f4 Kc7 25. a5 Kd8 26. Qd3 Qxd3 27.
Bxd3 Bd7 28. g4 g6 29. gxf5 gxf5 30. Kg2 Ke7 31. Kg3 Kf7 32. Kh4 Kg7 33. Be2
Be8 34. Bf3 Kh6 35. Bd1 Bf7 36. Bf3 Be8 37. Be2 Kg7 38. Kg5 h6+ 39. Kh4 Kh7 40.
Kg3 Kg7 41. Bc4 Bd7 42. Kf2 Kf8 43. Ke3 Ke7 44. Ba2 Be8 45. Kd4 Kd7 46. Bc4 Bh5
47. Ke3 Be8 48. Kd2 Ke7 49. Kc3 Bh5 50. Bf1 Bf3 51. Kd4 Bh5 52. Bg2 Be8 53. Bf3
Bd7 54. Kc3 Be8 55. Kb3 Bd7 1/2-1/2

[Event "Autunno Scacchistico A"]
[Site "Venezia ITA"]
[Date "2007.11.04"]
[Round "5"]
[White "Grandesso, Emanuele"]
[Black "Bozzali, Ermanno"]
[Result "0-1"]
[WhiteElo "2092"]
[BlackElo "2136"]
[PlyCount "144"]
[EventDate "2007.11.01"]

1. c4 Nf6 2. Nf3 e6 3. g3 d5 4. d4 Bb4+ 5. Bd2 Be7 6. Bg2 O-O 7. O-O c6 8. Qc2
b6 9. Ne5 Nfd7 10. cxd5 cxd5 11. Nd3 Bb7 12. b4 Nc6 13. Bc3 Bf6 14. Qb2 a5 15.
b5 Na7 16. a4 Nc8 17. Nd2 Nd6 18. f4 Rc8 19. Ne5 Qe7 20. e3 Rc7 21. g4 Rfc8 22.
Rac1 Bxe5 23. dxe5 Nc4 24. Nxc4 Rxc4 25. Bd4 Rxa4 26. Rxc8+ Bxc8 27. Rc1 Rc4
28. Rxc4 dxc4 29. Bf1 Qh4 30. Qg2 c3 31. Qc6 Qxg4+ 32. Kh1 Bb7 33. Qxb7 Qd1 34.
Qc8+ Nf8 35. Qc4 c2 36. Bb2 Qf3+ 37. Bg2 Qd1+ 38. Qf1 Nd7 39. Kg1 Nc5 40. Bf3
Qxf1+ 41. Kxf1 Nd3 42. Ba3 c1=Q+ 43. Bxc1 Nxc1 44. Ke1 Nd3+ 45. Kd2 Nc5 46. Kc3
Kf8 47. h3 Ke7 48. Bc6 h6 49. Bf3 g5 50. Bc6 Kf8 51. Kd4 Kg7 52. Bf3 Kg6 53.
Bc6 a4 54. Be8 gxf4 55. exf4 Kf5 56. Bxf7 Kxf4 57. Bg6 Kg3 58. Ke3 a3 59. Bb1
h5 60. Ba2 h4 61. Bc4 Kxh3 62. Kf3 Kh2 63. Kf2 Nd3+ 64. Ke3 Nxe5 65. Bxe6 Kg3
66. Kd4 h3 67. Kxe5 h2 68. Bd5 a2 69. Bxa2 h1=Q 70. Bd5 Qg1 71. Bc6 Qc5+ 72.
Ke6 Kf4 0-1

[Event "Autunno Scacchistico A"]
[Site "Venezia ITA"]
[Date "2007.11.04"]
[Round "5"]
[White "Milazzo, Mario"]
[Black "Redo, Giorgio"]
[Result "1-0"]
[WhiteElo "1971"]
[BlackElo "2093"]
[PlyCount "53"]
[EventDate "2007.11.01"]

1. e4 Nc6 2. d4 e5 3. Nf3 exd4 4. c3 d5 5. exd5 Qxd5 6. cxd4 Bb4+ 7. Bd2 Bxd2+
8. Qxd2 Bg4 9. Nc3 Qa5 10. Bb5 Bxf3 11. gxf3 Nge7 12. Bxc6+ Nxc6 13. Qe3+ Kd7
14. O-O-O Rae8 15. Qf4 Kc8 16. d5 Ne5 17. d6 Qc5 18. Qf5+ Nd7 19. Rd5 Qc4 20.
dxc7 Qxc7 21. Rhd1 Re7 22. Kb1 g6 23. Qg4 a6 24. Qd4 Rf8 25. Na4 Ne5 26. Qa7
Qb8 27. Rd8+ 1-0

[Event "Autunno Scacchistico A"]
[Site "Venezia ITA"]
[Date "2007.11.04"]
[Round "5"]
[White "Mrdja, Milan"]
[Black "Kasparov, Sergey"]
[Result "1/2-1/2"]
[WhiteElo "2408"]
[BlackElo "2466"]
[PlyCount "127"]
[EventDate "2007.11.01"]

1. e4 c6 2. d3 d5 3. Nd2 g6 4. Ngf3 Bg7 5. g3 dxe4 6. dxe4 b6 7. c3 Nh6 8. Bg2
Ba6 9. Bf1 Bb7 10. Bg2 Qd3 11. Bf1 Qd7 12. Qc2 O-O 13. Be2 c5 14. O-O Nc6 15.
Nc4 Ng4 16. Bf4 Rad8 17. Rad1 Qc8 18. a4 Nf6 19. Nfd2 Rd7 20. Rfe1 Rfd8 21. f3
Nh5 22. Be3 Nd4 23. cxd4 cxd4 24. Bxd4 Rxd4 25. Kg2 Nf6 26. b3 Bh6 27. Qb2 Qe6
28. Nf1 Rxd1 29. Rxd1 Rxd1 30. Bxd1 Nd7 31. Qd4 Bg7 32. Qd2 Qc6 33. Qd3 Bf8 34.
Nfe3 Nc5 35. Qd4 Qd7 36. Qxd7 Nxd7 37. Kf2 f6 38. Ke2 Kf7 39. Bc2 e6 40. Nb2 f5
41. exf5 exf5 42. Nd3 Nc5 43. Ne5+ Ke6 44. f4 Bg7 45. Nf3 Bf6 46. g4 fxg4 47.
Nxg4 Bd5 48. Nxf6 Kxf6 49. Nd2 a5 50. Ke3 Ke6 51. Kd4 Kd6 52. Kc3 Nd7 53. b4
axb4+ 54. Kxb4 Nf6 55. h4 Be6 56. Ne4+ Nxe4 57. Bxe4 Bd7 58. Bf3 Be8 59. Be4
Ke6 60. a5 bxa5+ 61. Kxa5 Kf6 62. Kb6 Ba4 63. Kc5 Bd1 64. Kd4 1/2-1/2

[Event "Autunno Scacchistico A"]
[Site "Venezia ITA"]
[Date "2007.11.04"]
[Round "5"]
[White "Mufic, Goran"]
[Black "Vianello, Enrico"]
[Result "1-0"]
[WhiteElo "2293"]
[BlackElo "2169"]
[PlyCount "75"]
[EventDate "2007.11.01"]

1. d4 d5 2. Nf3 Nc6 3. Bf4 Bg4 4. Ne5 Nxe5 5. Bxe5 e6 6. c4 f6 7. Bg3 Bd6 8.
Qb3 Ne7 9. f3 Bxg3+ 10. hxg3 Bf5 11. Nc3 O-O 12. e3 Qd6 13. Kf2 c6 14. Rd1 Kh8
15. g4 Bg6 16. f4 Qc7 17. g3 Rad8 18. Bd3 Bxd3 19. Rxd3 Rd7 20. Rd2 g5 21. Qc2
f5 22. cxd5 exd5 23. Ke1 Nc8 24. gxf5 gxf4 25. gxf4 Nd6 26. f6 Rxf6 27. Rg2 Nf5
28. Rhg1 Qd8 29. Nd1 Re7 30. Kd2 Nd6 31. Kc1 Ne4 32. Nf2 Rff7 33. Nxe4 Rxe4 34.
Qf2 Qf8 35. f5 Re8 36. Qf4 Rxf5 37. Rg8+ Qxg8 38. Rxg8+ 1-0

[Event "Autunno Scacchistico A"]
[Site "Venezia ITA"]
[Date "2007.11.04"]
[Round "5"]
[White "Opacic, Alexandar"]
[Black "Navarro, Stefano"]
[Result "0-1"]
[WhiteElo "2109"]
[BlackElo "2258"]
[PlyCount "108"]
[EventDate "2007.11.01"]

1. e4 e5 2. Nf3 d6 3. Bc4 Nd7 4. d4 c6 5. O-O Be7 6. c3 Ngf6 7. Bxf7+ Kxf7 8.
Ng5+ Kg8 9. Be3 Qe8 10. f4 h6 11. Qb3+ d5 12. Ne6 Bd6 13. Nxg7 Kxg7 14. fxe5
Ng4 15. Bf4 Ndxe5 16. Nd2 Nf7 17. h3 Bxf4 18. Rxf4 Ne3 19. Re1 Nc4 20. Nxc4
dxc4 21. Qxc4 Qe6 22. Qd3 Rf8 23. Ref1 Bd7 24. e5 Qg6 25. Qxg6+ Kxg6 26. Rf6+
Kg7 27. e6 Nd6 28. Rxf8 Rxf8 29. exd7 Rd8 30. Rf4 Rxd7 31. Rg4+ Kf6 32. Kf2 Re7
33. Rg8 Ne4+ 34. Kf3 Nd2+ 35. Kf2 Nc4 36. b3 Nb2 37. Rf8+ Kg7 38. Rf3 Nd1+ 39.
Kf1 Re3 40. c4 Rxf3+ 41. gxf3 Ne3+ 42. Ke2 Nf5 43. Kd3 Kf6 44. Ke4 Ng3+ 45. Ke3
Kf5 46. b4 Nh5 47. a4 Nf4 48. a5 Nxh3 49. d5 cxd5 50. c5 Ke6 51. b5 Kd7 52. f4
d4+ 53. Kf3 h5 54. f5 h4 0-1

[Event "Autunno Scacchistico A"]
[Site "Venezia ITA"]
[Date "2007.11.04"]
[Round "5"]
[White "Pfeifer, Andreas"]
[Black "Rezzuti, Vincenzo"]
[Result "1-0"]
[WhiteElo "2131"]
[BlackElo "2017"]
[PlyCount "67"]
[EventDate "2007.11.01"]

1. e4 c5 2. Nf3 Nc6 3. d4 cxd4 4. Nxd4 Nf6 5. Nc3 e5 6. Ndb5 d6 7. Bg5 a6 8.
Na3 b5 9. Nd5 Be7 10. Bxf6 Bxf6 11. c3 Ne7 12. Bxb5+ axb5 13. Nxb5 O-O 14.
Nxf6+ gxf6 15. Qxd6 Be6 16. a4 Bc4 17. Qxd8 Rfxd8 18. Ra3 Bxb5 19. axb5 Rxa3
20. bxa3 Rd3 21. Ke2 Rxc3 22. Ra1 Nc8 23. a4 Rb3 24. Kd2 Nd6 25. Kc2 Rb4 26.
Kc3 Rxe4 27. b6 Rc4+ 28. Kb3 Rc6 29. a5 Nb7 30. Kb4 Nd6 31. Rd1 Nb7 32. Rd7 Nc5
33. Rd8+ Kg7 34. Kb5 1-0

[Event "Autunno Scacchistico A"]
[Site "Venezia ITA"]
[Date "2007.11.04"]
[Round "5"]
[White "Pomaro, Alberto"]
[Black "Rombaldoni, Axel"]
[Result "1-0"]
[WhiteElo "2153"]
[BlackElo "2399"]
[PlyCount "73"]
[EventDate "2007.11.01"]

1. e4 c5 2. Nf3 Nc6 3. d4 cxd4 4. Nxd4 e5 5. Nb5 d6 6. c4 Be7 7. N1c3 a6 8. Na3
f5 9. Nc2 Nf6 10. exf5 Bxf5 11. Ne3 Bg6 12. Be2 O-O 13. O-O Nd4 14. b3 Nd7 15.
Bh5 Qe8 16. Bxg6 Qxg6 17. Ncd5 Bh4 18. f4 Kh8 19. Bb2 Nf5 20. Qd2 e4 21. Nxf5
Rxf5 22. Ne3 Rf7 23. b4 Nb6 24. Bd4 Bd8 25. f5 Qh6 26. Qc2 Bf6 27. Bxb6 Bxa1
28. Rxa1 Re8 29. Bd4 Qg5 30. Rf1 Kg8 31. g3 b5 32. cxb5 axb5 33. Qc6 Rff8 34.
Qxb5 Rb8 35. Qd5+ Kh8 36. b5 h5 37. f6 1-0

[Event "Autunno Scacchistico A"]
[Site "Venezia ITA"]
[Date "2007.11.04"]
[Round "5"]
[White "Timoshenko, Georgy"]
[Black "Genocchio, Daniele"]
[Result "1-0"]
[WhiteElo "2544"]
[BlackElo "2433"]
[PlyCount "47"]
[EventDate "2007.11.01"]

1. e4 e6 2. d4 d5 3. Nc3 Nc6 4. Nf3 Nf6 5. e5 Ne4 6. Bd3 Bb4 7. Bd2 Nxd2 8.
Qxd2 Bd7 9. a3 Ba5 10. b4 Bb6 11. Ne2 a6 12. O-O f6 13. c3 Qe7 14. Rfe1 fxe5
15. dxe5 O-O-O 16. a4 Rdf8 17. b5 Rxf3 18. bxc6 Rxf2 19. cxd7+ Kxd7 20. Kh1
Rhf8 21. Rg1 Qh4 22. a5 g5 23. axb6 g4 24. Qe1 1-0